<?xml version="1.0" encoding="UTF-8"?>
<collection xmlns:xsi="http://www.w3.org/2001/XMLSchema-instance" xsi:schemaLocation="http://www.loc.gov/MARC21/slim http://www.loc.gov/standards/marcxml/schema/MARC21slim.xsd" xmlns="http://www.loc.gov/MARC21/slim">
 <record>
  <leader>00000cam a22000004i 4500</leader>
  <controlfield tag="001">UP-99796217613577561</controlfield>
  <controlfield tag="003">Buklod</controlfield>
  <controlfield tag="005">20210202165531.0</controlfield>
  <controlfield tag="006">m     o  u        </controlfield>
  <controlfield tag="007">ta</controlfield>
  <controlfield tag="008">210202s2018    xx     d     r    |||| u|</controlfield>
  <datafield tag="020" ind1=" " ind2=" ">
   <subfield code="a">9781462536177 (paperback)</subfield>
  </datafield>
  <datafield tag="035" ind1=" " ind2=" ">
   <subfield code="a">(iLib)UPD-00522071546</subfield>
  </datafield>
  <datafield tag="040" ind1=" " ind2=" ">
   <subfield code="a">UtOrBLW</subfield>
   <subfield code="d">DEDUC</subfield>
   <subfield code="e">rda</subfield>
  </datafield>
  <datafield tag="041" ind1=" " ind2=" ">
   <subfield code="a">eng</subfield>
  </datafield>
  <datafield tag="042" ind1=" " ind2=" ">
   <subfield code="a">DMLUC</subfield>
  </datafield>
  <datafield tag="090" ind1=" " ind2=" ">
   <subfield code="a">LC 149</subfield>
   <subfield code="b">P58 2018</subfield>
  </datafield>
  <datafield tag="245" ind1="0" ind2="0">
   <subfield code="a">Pivotal research in early literacy</subfield>
   <subfield code="b">foundational studies and current practices</subfield>
   <subfield code="c">edited by Christina M. Cassano, Susan M. Dougherty ; foreword by Joanne Knapp-Philo ; afterword by Heidi Anne E. Mesmer and M.M. Rose-McCully.</subfield>
  </datafield>
  <datafield tag="264" ind1=" " ind2="1">
   <subfield code="a">New York</subfield>
   <subfield code="b">The Guilford Press</subfield>
   <subfield code="c">[2018]</subfield>
  </datafield>
  <datafield tag="300" ind1=" " ind2=" ">
   <subfield code="a">xviii, 326 pages</subfield>
   <subfield code="b">illustrations</subfield>
   <subfield code="c">24 cm.</subfield>
  </datafield>
  <datafield tag="336" ind1=" " ind2=" ">
   <subfield code="a">text</subfield>
   <subfield code="2">rdacontent</subfield>
  </datafield>
  <datafield tag="337" ind1=" " ind2=" ">
   <subfield code="a">unmediated</subfield>
   <subfield code="2">rdamedia</subfield>
  </datafield>
  <datafield tag="338" ind1=" " ind2=" ">
   <subfield code="a">volume</subfield>
   <subfield code="2">rdacarrier</subfield>
  </datafield>
  <datafield tag="504" ind1=" " ind2=" ">
   <subfield code="a">Includes bibliographical references and index.</subfield>
  </datafield>
  <datafield tag="505" ind1="0" ind2=" ">
   <subfield code="a">Now you're talking : vocabulary development in the home context / Lillian R. Masek, Molly E. Scott, Rebecca Dore, Rufan Luo, Kathy Hirsh-Pasek, and Roberta Michnick Golinkoff -- Pivotal theory and research affecting emergent bilingual children's language and literacy achievement / Theresa A. Roberts -- Writing in the early years : understanding the past, confronting the present, imagining the future / Judith A. Schickedanz -- Reconceptualizing alphabet learning and instruction / Marcia Invernizzi and Jordan Buckrop -- A close and careful look at phonological awareness / Christina M. Cassano -- The role of word recognition in beginning reading : getting the words off the page / Ruth M. Wharton-McDonald -- Engagement, motivation, self-regulation, and literacy development in early childhood / Alisa Hindin -- Starting them young : how the shift from reading readiness to emergent literacy has influenced preschool literacy education / William H. Teale, Emily Brown Hoffman, Colleen E. Whittingham, and Kathleen A. Paciga -- Storybook reading : insights from hindsight / Molly F. Collins -- The impact of pivotal research on the role of play in early literacy development / Muriel K. Rand and Lesley Mandel Morrow -- Family literacy : is it really all about storybook reading? / Susan M. Dougherty and Jeanne R. Paratore -- Enhancing children's access to print / Susan B. Neuman and Donna Celano -- Pivotal research in early literacy : lessons learned and a call to action / Heidi Anne E. Mesmer and M. M. Rose-McCully.</subfield>
  </datafield>
  <datafield tag="520" ind1=" " ind2=" ">
   <subfield code="a">&quot;This r8ader-friendly text examines the key foundational studies in early literacy. It addresses such essential questions as how research informs current practices and where the field still needs to go to provide the best learning opportunities for all children. Each chapter describes the methods and findings of one to five seminal studies, critically assesses their long-term impact on practice and policy, and offers takeaways for the classroom. Leading authorities--including several authors of the original pivotal studies--cover 12 essential aspects of language development, literacy development, and home and community literacy experiences in PreK-2&quot;--Provided by publisher.</subfield>
  </datafield>
  <datafield tag="550" ind1=" " ind2=" ">
   <subfield code="a">WorldShare provided record.</subfield>
  </datafield>
  <datafield tag="650" ind1=" " ind2="0">
   <subfield code="a">Literacy</subfield>
   <subfield code="x">Research.</subfield>
  </datafield>
  <datafield tag="650" ind1=" " ind2="0">
   <subfield code="a">Language arts (Early childhood)</subfield>
  </datafield>
  <datafield tag="650" ind1=" " ind2="0">
   <subfield code="a">Language arts (Elementary)</subfield>
  </datafield>
  <datafield tag="700" ind1="1" ind2=" ">
   <subfield code="a">Cassano, Christina</subfield>
   <subfield code="e">editor.</subfield>
  </datafield>
  <datafield tag="700" ind1="1" ind2=" ">
   <subfield code="a">Dougherty, Susan</subfield>
   <subfield code="d">1968-</subfield>
   <subfield code="e">editor.</subfield>
  </datafield>
  <datafield tag="905" ind1=" " ind2=" ">
   <subfield code="a">FO</subfield>
  </datafield>
  <datafield tag="852" ind1="0" ind2=" ">
   <subfield code="a">UPD</subfield>
   <subfield code="b">DEDUC</subfield>
   <subfield code="h">LC 149</subfield>
   <subfield code="i">P58 2018</subfield>
  </datafield>
  <datafield tag="942" ind1=" " ind2=" ">
   <subfield code="a">Book</subfield>
  </datafield>
 </record>
</collection>
